Dynamics of linear operators / (Record no. 15096)

MARC details
000 -LEADER
fixed length control field 01042nam a2200289 i 4500
003 - CONTROL NUMBER IDENTIFIER
control field EG-ScBUE
005 - DATE AND TIME OF LATEST TRANSACTION
control field 20241017084716.0
008 - FIXED-LENGTH DATA ELEMENTS--GENERAL INFORMATION
fixed length control field 110412s2009 enk f b 001 0 eng d
020 ## - INTERNATIONAL STANDARD BOOK NUMBER
International Standard Book Number 0521514967
020 ## - INTERNATIONAL STANDARD BOOK NUMBER
International Standard Book Number 9780521514965
040 ## - CATALOGING SOURCE
Original cataloging agency EG-ScBUE
Language of cataloging eng
Description conventions rda
Transcribing agency EG-ScBUE
Modifying agency EG-ScBUE
082 04 - DEWEY DECIMAL CLASSIFICATION NUMBER
Edition number 22
Classification number 515.7246
Item number BAY
100 1# - MAIN ENTRY--PERSONAL NAME
9 (RLIN) 22997
Personal name Bayart, Frédéric‏,
Relator term author.
245 10 - TITLE STATEMENT
Title Dynamics of linear operators /
Statement of responsibility, etc Frédéric‏ Bayart, Université de Clermont-Ferrand, France, Étienne Matheron, Université d'Artois, France.
264 #1 - PUBLICATION, DISTRIBUTION, ETC. (IMPRINT)
Place of publication, distribution, etc Cambridge :
Name of publisher, distributor, etc Cambridge University Press,
Date of publication, distribution, etc 2009.
300 ## - PHYSICAL DESCRIPTION
Extent xiv, 337 pages ;
Dimensions 24 cm.
336 ## - CONTENT TYPE
Source rdacontent
Content type term text
Content type code txt
337 ## - MEDIA TYPE
Media type term unmediated
Source rdamedia
Media type code n
338 ## - CARRIER TYPE
Carrier type term volume
Carrier type code nc
Source rdacarrier
490 0# - SERIES STATEMENT
Series statement Cambridge tracts in mathematics ;
Volume number/sequential designation 179
504 ## - BIBLIOGRAPHY, ETC. NOTE
Bibliography, etc Includes bibliographical references and index.
650 #7 - SUBJECT ADDED ENTRY--TOPICAL TERM
9 (RLIN) 22996
Topical term or geographic name as entry element Linear operators.
Source of heading or term BUEsh
653 ## - INDEX TERM--UNCONTROLLED
Arrived date list April2011
655 ## - INDEX TERM--GENRE/FORM
Form subdivision Reading book
700 1# - ADDED ENTRY--PERSONAL NAME
9 (RLIN) 22998
Personal name Matheron, Étienne‏,
Relator term author.
942 ## - ADDED ENTRY ELEMENTS (KOHA)
Source of classification or shelving scheme Dewey Decimal Classification
Koha item type Book - Borrowing
Holdings
Withdrawn status Lost status Source of classification or shelving scheme Damaged status Not for loan Collection code Home library Current library Shelving location Date acquired Source of acquisition Cost, normal purchase price Serial Enumeration / chronology Total Checkouts Total Renewals Full call number Barcode Date last seen Date checked out Price effective from Koha item type
    Dewey Decimal Classification     Baccah Central Library Central Library First floor 12/04/2011 Purchase 380.00 11997 1 1 515.7246 BAY 000023217 15/07/2025 12/04/2011 12/04/2011 Book - Borrowing